| 000 | 00551nam a2200193 a 4500 | ||
|---|---|---|---|
| 001 | 4704 | ||
| 003 | CDMR | ||
| 005 | 20131106102054.0 | ||
| 008 | 130130s2006||||sp |||||||||||||||||spa|d | ||
| 020 | _a8496484378 | ||
| 040 |
_aCDMR _bcat _cCPC GIRONA |
||
| 100 | 1 |
_93226 _aSegura, Rosa |
|
| 245 | 1 |
_aEdiciones TBO, ¿dígame? _b: memorias secretas de una secretaria _cRosa Segura |
|
| 260 |
_aBarcelona _bMarré _cDL 2006 |
||
| 300 |
_a239 p. _bil. col. |
||
| 610 | 2 |
_94267 _aTBO (Revista) |
|
| 650 | 0 | 4 |
_93162 _aHumorisme gràfic _xHistòria |
| 942 |
_cMON _2udc |
||
| 999 |
_c4704 _d4704 |
||